Retail Management (Record no. 13863)

MARC details
000 -LEADER
fixed length control field 00346nam a22001577a 4500
003 - CONTROL NUMBER IDENTIFIER
control field SGT
020 ## - INTERNATIONAL STANDARD BOOK NUMBER
International Standard Book Number 9780199467440
082 ## - DEWEY DECIMAL CLASSIFICATION NUMBER
Classification number 658
Item number BAJ
100 ## - MAIN ENTRY--PERSONAL NAME
Personal name Bajaj, Rajnish
245 ## - TITLE STATEMENT
Title Retail Management
250 ## - EDITION STATEMENT
Edition statement 3RD
260 ## - PUBLICATION, DISTRIBUTION, ETC. (IMPRINT)
Place of publication, distribution, etc NEW DELHI
Name of publisher, distributor, etc OXFORD UNIVERSITY
Year of Publication 2016
300 ## - PAGE DESCRIPTION
No. of Pages 427
650 ## - SUBJECT ADDED ENTRY--TOPICAL TERM
Topical term or geographic name as entry element COMMERCE MANAGEMENT
942 ## - ADDED ENTRY ELEMENTS (KOHA)
Source of classification or shelving scheme Dewey Decimal Classification
Koha item type Books
942 ## - ADDED ENTRY ELEMENTS (KOHA)
-- 3
Holdings
Withdrawn status Lost status Source of classification or shelving scheme Damaged status Not for loan Collection code Home library Current library Shelving location Date acquired Vendor Name Cost, normal purchase price SGTU Bill Number Total Checkouts Full call number Accession No. (Barcode) Date last seen Date last borrowed Bill Date Koha item type
    Dewey Decimal Classification     COMMERCE MANAGEMENT SGT Science & Social Sciences Library SGT Science & Social Sciences Library Text Book 28/11/2017 KIRTI PUBLISHER 595.00 SGTU IN1265 4 658 BAJ CM3664 11/01/2024 23/12/2023 03/11/2017 Books
    Dewey Decimal Classification     COMMERCE MANAGEMENT SGT Science & Social Sciences Library SGT Science & Social Sciences Library Text Book 28/11/2017 KIRTI PUBLISHER 595.00 SGTU IN1265 2 658 BAJ CM3665 17/03/2018 14/03/2018 03/11/2017 Books
    Dewey Decimal Classification     COMMERCE MANAGEMENT SGT Science & Social Sciences Library SGT Science & Social Sciences Library Text Book 28/11/2017 KIRTI PUBLISHER 595.00 SGTU IN1265 3 658 BAJ CM3666 07/11/2020 02/03/2020 03/11/2017 Books
    Dewey Decimal Classification     COMMERCE MANAGEMENT SGT Science & Social Sciences Library SGT Science & Social Sciences Library Text Book 28/11/2017 KIRTI PUBLISHER 595.00 SGTU IN1265 1 658 BAJ CM3667 22/02/2019 08/01/2019 03/11/2017 Books
    Dewey Decimal Classification     COMMERCE MANAGEMENT SGT Science & Social Sciences Library SGT Science & Social Sciences Library Text Book 28/11/2017 KIRTI PUBLISHER 595.00 SGTU IN1265   658 BAJ CM3668 28/11/2017   03/11/2017 Books